| 000 | 00957nam a2200265Ia 4500 | ||
|---|---|---|---|
| 003 | OSt | ||
| 005 | 20221005113520.0 | ||
| 006 | a|||||r|||| 00| 0 | ||
| 007 | ta | ||
| 008 | 221004b |||||||| |||| 00| 0 pan d | ||
| 020 | _cIndian Rupees 15 | ||
| 024 | _a33800 | ||
| 037 |
_bGift, 28/09/2017, _cTextual |
||
| 040 |
_aCRL _cCRL _bpan |
||
| 041 |
_2pan _apan |
||
| 082 | _aO153,4x, [Q7] | ||
| 100 | _aਮਾਰਕੋ, ਮਨੋਹਰ ਸਿੰਘ, ਂਚ. | ||
| 245 | 0 | _aਚਿੱਠੀਆਂ ਲਿਖ ਸਤਿਗੁਰਾਂ ਵੱਲ ਪਾਈਆਂ | |
| 260 |
_aਲੁਧਿਆਨਾ _bਸਿੱਖ ਮਿFਨਰੀ ਕਾਲਜ ਭਾਰਤ _c2017 |
||
| 300 |
_a40ਪ੍ਰ0 _ccm. |
||
| 650 | _a ਪੰਜਾਬੀ ਪਤਰ | ||
| 650 | _aਪੰਜਾਾਬੀ ਸਾਹਿਤ | ||
| 942 |
_hO153,4x, [Q7] _cTEXL _2cc |
||
| 999 |
_c1028435 _d1028435 |
||